000 00569nam a2200217Ia 4500
003 OSt
005 20220928141443.0
006 a|||||r|||| 00| 0
007 ta
008 220927b |||||||| |||| 00| 0 eng d
024 _a15094
037 _cTextual
040 _aSDCL
_cSDCL
_beng
041 _2eng
_aeng
082 _aWxM98, M1
100 _aGeoshegan Vincent
_9500231
245 0 _aReason and eros
_b The social theory of Herbert Marcuse
260 _c1981
942 _hWxM98, M1
_cTEXL
_2CC
999 _c817503
_d817503